| 000 | 01259cam a2200313 i 4500 | ||
|---|---|---|---|
| 001 | tritonultimatu00dela | ||
| 003 | CaSfIA | ||
| 005 | 20210119104127.0 | ||
| 007 | cr|||| | ||
| 008 | 770202s1977 nyu 000 1 eng | ||
| 010 | _a 77001290 | ||
| 040 |
_aDLC _cDLC _dVVW _dMNO _dCaSfIA |
||
| 020 | _a0690014902 | ||
| 020 | _a9780690014907 | ||
| 035 | _a(OCoLC)2799030 | ||
| 050 | 0 |
_aPZ4.D3355 _aPS3554.E436 |
|
| 082 | 4 | _a813/.5/4 | |
| 100 | 1 | _aDelaney, Laurence. | |
| 245 | 1 | 4 |
_aThe triton ultimatum/ _h[electronic resource] _cLaurence Delaney. |
| 260 |
_aNew York : _bCrowell, _cc1977. |
||
| 300 |
_a247 p. ; _c24 cm. |
||
| 650 | 0 | _aScience fiction. | |
| 856 | 4 | 1 |
_uhttp://www.archive.org/details/tritonultimatu00dela _zFree eBook from the Internet Archive |
| 856 | 4 | 2 |
_uhttp://www.openlibrary.org/books/OL4535453M _zAdditional information and access via Open Library |
| 029 | 1 |
_aNLGGC _b781565227 |
|
| 942 | _cEB | ||
| 506 | _fНеобхідна авторизація на https://archive.org/ (створення облікового запису безкоштовно) | ||
| 506 | _fНеобхідна авторизація на https://openlibrary.org/ (створення облікового запису безкоштовно) | ||
| 999 |
_c559566 _d559566 |
||